LEADER 01079nam0-2200325---450- 001 990008826320403321 005 20090320124916.0 010 $a978-1-84720-097-6 010 $a1-84720-097-4 035 $a000882632 035 $aFED01000882632 035 $a(Aleph)000882632FED01 035 $a000882632 100 $a20090318d2007----km-y0itay50------ba 101 0 $aeng 102 $aGB 105 $aa-------001yy 200 1 $aInternational environmental liability and barriers to trade$emarket access and biodiversity in the biosafety protocol$fKareen L. Holtby, William A. Kerr, Jill E. Hobbs 210 $aCheltenham, UK ; Northampton, MA$cEdward Elgar$dc2007 215 $axiii, 166 p.$cill.$d24 cm 700 1$aHoltby,$bKareen L.$0313821 701 1$aKerr,$bWilliam Alexander$089479 701 1$aHobbs,$bJill E.$089477 801 0$aIT$bUNINA$gRICA$2UNIMARC 901 $aBK 912 $a990008826320403321 952 $aDI XXXIII-95$b385$fDEC 959 $aDEC 996 $aInternational environmental liability and barriers to trade$9805768 997 $aUNINA LEADER 00922nam0-22003371i-450 001 990001688280403321 005 20190429131404.0 035 $a000168828 035 $aFED01000168828 035 $a(Aleph)000168828FED01 035 $a000168828 100 $a20030910d1985----km-y0itay50------ba 101 0 $aita 102 $aIT 105 $ay-------001yy 200 1 $aMacchine per la raccolta dei cereali$fCesare De Zanche 210 $aRoma$cREDA$d1985 215 $a144 p.$d21 cm 225 1 $aMeccanizzaziona agricola 610 0 $aMeccanizzazione agricola 610 0 $aMacchine raccoglitrici 610 0 $aCereali 676 $a631.35 700 1$aDe Zanche,$bCesare$0354476 801 0$aIT$bUNINA$gRICA$2UNIMARC 901 $aBK 912 $a990001688280403321 952 $a60 631.35 DEZC 1985$b267$fFAGBC 959 $aFAGBC 996 $aMacchine per la raccolta dei cereali$9361139 997 $aUNINA